LEADER 01126nam a2200205 4500 001 000000352040 003 CaOOAMICUS 005 20221028141354.0 008 221028s1846 it 000 u ita r 040 $aSeMil$bita 110 21$aAgostiniane.$0(OLS)http://semarc/name/116383 245 10$aCostituzioni per le sorelle agostiniane in Milano del monastero sotto il titolo della Presentazione di Maria Vergine fondato da ... Carlo Gaetano conte di Gaisruck ... 264 1$aMilano :$bCoi tipi della Ditta Boniardi-Pogliani,$c1846. 300 $a220 p., [1] carta di tav. :$bill. ;$c22 cm 650 4$aAgostiniane - Regole e costituzioni.$0(OLS)http://semarc/subject/52769 850 $aSeMil 852 $aSeMil$W1$xVenegono$y1$m3Z IV 34 FA$j235025$B243225$CSeMilBibl$Z2$F243225 $8I 996 $6245$aCostituzioni per le sorelle agostiniane in Milano del monastero sotto il titolo della Presentazione di Maria Vergine fondato da ... Carlo Gaetano conte di Gaisruck ...$9(OLS)http://semarc/title/441851 996 $6264$aMilano :$bCoi tipi della Ditta Boniardi-Pogliani$9(OLS)http://semarc/publisher/38807 LEADER 00853nam a2200193 i 4500 001 000000238874 003 CaOOAMICUS 005 20150216000000.0 008 150216s1693 it u000 u ita u 013 $a217779 026 $anala 67e- tos- runo (3) 1765 (R) 040 $aSeMil$bita 245 10$aParte 2. 300 $aXXII, [2], 333, [3] p. 500 $aFront. inciso compreso nella num. delle p. - Segn. : *12 A-O12. 773 0 $aTosi, Andrea $tStato presente o sia La relazione della Corte di Roma gia pubblicata dal cav. Lunadoro. Ora rinovata, ed ampiamente accresciuta da Andrea Tosi veneziano. Parte 1. [-2.].$dIn Roma : A spese di Venanzio Monaldini, 1765$g2$w()31388 850 $aSeMil 852 $aSeMil$W1$xVenegono$y1$m3D I 137 FA$j189220$B189220$CSeMilBibl$Z2$F200018 $8I 996 $6245$aParte 2$9(OLS)http://semarc/title/108333